000 00311nam a22001337a 4500
008 171004b xxu||||| |||| 00| 0 eng d
020 _a087553130-X
041 _aeng
080 _a159.9
100 _a48
101 _aPSI
245 _aCONTROL OF COMMUNICABLE DISEASES IN MAN
_cBENENSON,A.S
942 _2udc
_cBK
999 _c31634
_d31634